|
|
|
|
| LEADER |
00000nab a2200000 a 4500 |
| 001 |
vtls000763218 |
| 003 |
SK-MaSNL |
| 005 |
20260318114712.0 |
| 008 |
160405c2001 xo 0 hun |
| 015 |
|
|
|a SNBRB2001/07-19090
|
| 035 |
|
|
|a CLN000115005
|
| 040 |
|
|
|a SNKBUCL
|b slo
|c SNKBUCL
|e AACR2
|
| 041 |
0 |
|
|a hun
|
| 044 |
|
|
|a xo
|c SK
|
| 080 |
|
|
|a 264(437.6=945.11)
|2 1997
|
| 080 |
|
|
|a 282:061.3
|2 1997
|
| 100 |
0 |
|
|a (cza)
|4 aut
|9 909103
|
| 245 |
1 |
0 |
|a Magyar püspököt!
|b Ján Sokol, a Pozsony-nagyszombati Főegyházmegye érseke celebrálta a tizenkettedik komáromi imanapon a szentmisét
|c [szerző] (cza)
|
| 300 |
|
|
|b Fotogr.
|
| 611 |
1 |
7 |
|a Komárňanský deň modlitby
|n 12.
|d 2001
|c Komárno, Slovensko
|2 snkbucl
|9 1615572
|
| 651 |
|
7 |
|a Komárno (Slovensko : okres)
|2 snkbucl
|9 15954
|
| 655 |
|
7 |
|a články z novín a časopisov
|2 snkbucl
|9 267496
|
| 773 |
0 |
|
|t Új szó
|g Roč. 54, č. 104 (7.5.2001), s. 1
|
| 850 |
|
|
|a Slovenská národná knižnica v Martine
|
| 852 |
|
|
|a SNK
|b KIS3GCP
|
| 958 |
|
|
|a HU
|
| 958 |
|
|
|a SK
|
| 958 |
|
|
|a RBX
|
| 999 |
|
|
|c 3328739
|d 3330669
|